000 00470nam a2200145 i 4500
001 40543
003 ES-MaACL
007 t|
008 030306s1945 ag ||||1| spa d
100 1 _aCarrizo, Juan Alfonso.
_935817
245 1 0 _aAntecedentes hispano-medievales de la poesía tradicional argentina /
_cJuan Alfonso Carrizo.
260 _aBuenos Aires :
_bEstudios Hispánicos,
_c1945 (
_fPatagonia)
300 _a864 p. ;
_c28 cm.
852 _aES-MaACL
_jB-1752
_bR.26748
999 _c40543
_d40543